| 000 | 00591nam a22001937a 4500 | ||
|---|---|---|---|
| 005 | 20251108171213.0 | ||
| 008 | 250721s1995 xx 000 0 ara d | ||
| 082 | 1 | 4 | _aم/811.2 |
| 100 | 1 | _aإبن مقبل، تميم بن أبي العجلاني | |
| 245 | 1 | 0 | _aديوان إبن مقبل / |
| 264 | 1 |
_aبيروت : _bدار الشرق العربي، _c1995. |
|
| 300 | _a407ص. | ||
| 650 | 1 | 7 | _aالشعر العربي |
| 650 | 1 | 7 | _aالعصر الجاهلي |
| 650 | 1 | 7 | _aعصر صدر الإسلام |
| 700 | 1 |
_aحسن، عزة _eتحقيق |
|
| 942 |
_2ddc _cBK |
||
| 999 |
_c59268 _d59268 |
||